Johny mera naam : (Record no. 47033)

MARC details
000 -LEADER
fixed length control field 01123njm a22003017a 4500
005 - DATE AND TIME OF LATEST TRANSACTION
control field 20100918120820.0
007 - PHYSICAL DESCRIPTION FIXED FIELD--GENERAL INFORMATION
fixed length control field sd ammalaaahaa
008 - FIXED-LENGTH DATA ELEMENTS--GENERAL INFORMATION
fixed length control field 100918t xxu||||| |||| 00| 0 hin d
028 ## - PUBLISHER NUMBER
Publisher number 2392 372
Source Music India
035 ## - SYSTEM CONTROL NUMBER
System control number GR-03674
040 ## - CATALOGING SOURCE
Original cataloging agency SED/VEN
100 ## - MAIN ENTRY--PERSONAL NAME
9 (RLIN) 20657
Personal name Vijay Anand
245 ## - TITLE STATEMENT
Title Johny mera naam :
Medium [sound recording] :
Statement of responsibility, etc by Vijay Anand ; music by Kalyanji Anandji ; lyrics by Rajender Krishan
Remainder of title dialogues and songs
246 ## - VARYING FORM OF TITLE
Title proper/short title जोनी मेरा नाम (विजय आनंद )
260 ## - PUBLICATION, DISTRIBUTION, ETC. (IMPRINT)
Place of publication, distribution, etc Dum Dum India
Name of publisher, distributor, etc Music India
Date of publication, distribution, etc 1982
300 ## - PHYSICAL DESCRIPTION
Extent 1 sound disc [Gramophone record] :
Other physical details analog, 331/3 rpm
Dimensions 12 in (LP)
Type of unit Gramophone Record
500 ## - GENERAL NOTE
General note Brief Record
500 ## - GENERAL NOTE
General note Music India
500 ## - GENERAL NOTE
General note Orange
500 ## - GENERAL NOTE
General note Long Play
505 ## - FORMATTED CONTENTS NOTE
Formatted contents note Johny mera naam dialogues part 1,2 (Johny Mera Naam) (Vijay Anand)
650 ## - SUBJECT ADDED ENTRY--TOPICAL TERM
Form subdivision Dialogues
General subdivision Excerpts
Geographic subdivision India
9 (RLIN) 20658
700 ## - ADDED ENTRY--PERSONAL NAME
9 (RLIN) 20659
Personal name Kalyanji Anandji
700 ## - ADDED ENTRY--PERSONAL NAME
9 (RLIN) 20660
Personal name Rajender Krishan
700 ## - ADDED ENTRY--PERSONAL NAME
9 (RLIN) 20674
942 ## - ADDED ENTRY ELEMENTS (KOHA)
Source of classification or shelving scheme Dewey Decimal Classification
Item type Gramaphone Records
Holdings
Withdrawn status Lost status Source of classification or shelving scheme Damaged status Not for loan Collection code Home library Current library Date acquired Source of acquisition Total Checkouts Barcode Date last seen Copy number Price effective from Koha item type
    Dewey Decimal Classification   Not For Loan Non-fiction Central Library Central Library 20/09/2010 SED/VEN   GR-03674 20/09/2010 1 20/09/2010 Gramaphone Records

© Delhi Public Library
Hit Counter
free hit counter